• 首页
  • 本馆介绍
  • 公告通知
  • 最新文献
  • 馆藏检索
  • 电子资源
  • 读者导购
  • 参考咨询
  • 我的图书馆
  • 登录
  • 详细信息显示
  • 放入我的书架
  • 预约/预借图书
  • 作者相关作品
  • 分类相关作品
  • 丛书相关作品
  • 出版社相关作品

书目信息

  • 表格格式
  • 工作单格式
  • 卡片格式
题名:
火星
    
 
作者: 罗卡尔 , 麦克伊文 , 巴莱尔 编著 ;青年天文教师连线 译
分册:  
出版信息: 北京   北京美术摄影出版社  2017
页数: 294页
开本: 24cm
丛书名:
单 册:
中图分类: P185.3-49 , P185.3
科图分类:
主题词: 火星--普及读物
电子资源:
ISBN: 978-7-80501-982-6
000 01287nam0 2200301 450
001 685
005 20180924095621.62
010    @a978-7-80501-982-6@b精装@dCNY289.00
100    @a20170524d2017 em y0chiy50 ea
101 1  @achi@ceng
102    @aCN@b110000
105    @aa z 000yy
200 1  @a火星@9huo xing@dMars@f(法)弗朗西斯·罗卡尔,(美)阿尔弗雷德·麦克伊文,(法)沙维叶·巴莱尔编著@g青年天文教师连线译@zeng
210    @a北京@c北京美术摄影出版社@d2017
215    @a294页@c图@d24cm
300    @a依照书名原文判断,本书原文语种为英文
307    @a实际页数为:295
330    @a“火星勘测轨道飞行器”号(MRO)2005年8月12日发射升空,是2005年NASA火星探测计划之一,以前所未有的分辨率对火星进行考察。从该飞行器发回的数千张图像中,本书选取了最能显示火星地貌特征,且具艺术特点的200幅,每幅图像都覆盖6千米宽的区域,极好地体现了火星的地质学和矿物学特征,为读者展现了宇宙再过去30亿年中的发展演变。
510 1  @aMars@zeng
606 0  @a火星@j普及读物
690    @aP185.3-49@v5
690    @aP185.3@v4
701  0 @c(法)@a罗卡尔@9luo ka er@4编著
701  0 @c(美)@a麦克伊文@9mai ke yi wen@4编著
701  0 @c(法)@a巴莱尔@9ba lai er@4编著
712 02 @a青年天文教师连线@9qing nian tian wen jiao shi lian xian@4译
801  0 @aCN@b91MARC@c20170524
905    @aMuseLib@dP185.3@e251
    
    火星=Mars/(法)弗朗西斯·罗卡尔,(美)阿尔弗雷德·麦克伊文,(法)沙维叶·巴莱尔编著/青年天文教师连线译.-北京:北京美术摄影出版社,2017
    294页:图;24cm
    依照书名原文判断,本书原文语种为英文
    
    ISBN 978-7-80501-982-6(精装):CNY289.00
    “火星勘测轨道飞行器”号(MRO)2005年8月12日发射升空,是2005年NASA火星探测计划之一,以前所未有的分辨率对火星进行考察。从该飞行器发回的数千张图像中,本书选取了最能显示火星地貌特征,且具艺术特点的200幅,每幅图像都覆盖6千米宽的区域,极好地体现了火星的地质学和矿物学特征,为读者展现了宇宙再过去30亿年中的发展演变。
●
相关链接 在E读中查询图书 在五车中查询图书 在当当中查询图书 在豆瓣中查询图书


正题名:火星     索取号:P185.3/251         预约/预借

序号 登录号 条形码 馆藏地/架位号 状态 备注
1 1120158   211201581   第二样本阅览室/ [索取号:P185.3/251] 在馆    
2 1120159   211201590   第三借阅区/ [索取号:P185.3/251] 在馆    
唐山师范学院图书馆 欢迎您!
大连网信软件有限公司© 版权所有